000 00241nam a22001097a 4500
999 _c13466
_d13466
082 _a297.09
100 _aڈاکٹر محمّد الطاف طاہر
245 _aتفہیم البشر
260 _c2015
300 _a326 pages
942 _cBK